GATE electronic and communication engineering topicwise solved Questions / (Record no. 103465)

MARC details
000 -LEADER
fixed length control field 00692nam a22002057a 4500
005 - DATE AND TIME OF LATEST TRANSACTION
control field 20160920144739.0
010 ## - LCCN (DPL NO)
LC control number ENG-116019
020 ## - INTERNATIONAL STANDARD BOOK NUMBER
International Standard Book Number 9789352602223
Terms of availability 1050.00
020 ## - INTERNATIONAL STANDARD BOOK NUMBER
International Standard Book Number 9352602226
Terms of availability 1050.00
035 ## - SYSTEM CONTROL NUMBER
System control number EN-99551
037 ## - SOURCE OF ACQUISITION
Source of stock number/acquisition DBAD/PUB
082 ## - DEWEY DECIMAL CLASSIFICATION NUMBER
Classification number 621.381
100 ## - MAIN ENTRY--PERSONAL NAME
Personal name Kashyap,Kishore
245 ## - TITLE STATEMENT
Title GATE electronic and communication engineering topicwise solved Questions /
Statement of responsibility, etc by Kishore Kashyap
260 ## - PUBLICATION, DISTRIBUTION, ETC. (IMPRINT)
Place of publication, distribution, etc New Delhi
Name of publisher, distributor, etc McGraw Hill Education
Date of publication, distribution, etc 2017
270 ## - ADDRESS
Address P-24,Green Park Extantion
City New Delhi
Postal code 110016
300 ## - PHYSICAL DESCRIPTION
Extent Various pagings :
Dimensions 24 cm (pbk)
Other physical details ill
500 ## - GENERAL NOTE
General note Includes 18 years solved Questions1999-2016
942 ## - ADDED ENTRY ELEMENTS (KOHA)
Source of classification or shelving scheme Dewey Decimal Classification
Item type English Books
Classification part 621.381
Call number suffix KAS
Holdings
Withdrawn status Lost status Not for loan Home library Current library Date acquired Source of acquisition Cost, normal purchase price Full call number Barcode Copy number Cost, replacement price Koha item type
      Narela Narela 20/09/2016 DBAD/PUB 1050.00 621.381 KAS EN-99551 1 1050.00 English Books

© Delhi Public Library
Hit Counter
free hit counter